[Event "Maceio Alagoano-ch 40th"]
[Site "Maceio"]
[Date "2014.08.25"]
[Round "6"]
[White "Malta, Matheus Coelho"]
[Black "Lima, Gabriela Nicacio"]
[Result "1-0"]
[WhiteElo "1800"]
[BlackElo "1774"]
[PlyCount "111"]
[EventDate "2014.08.23"]
[EventType "swiss"]
[EventRounds "6"]
[EventCountry "BRA"]
[SourceTitle "EXT 2016"]
[Source "ChessBase"]
[SourceDate "2015.10.08"]
[SourceVersion "1"]
[SourceVersionDate "2015.10.08"]
[SourceQuality "1"]

1. e4 c5 2. Nf3 b6 3. Nc3 a6 4. b3 Bb7 5. Bb2 e6 6. d4 Be7 7. d5 exd5 8. exd5 d6 9. Qe2 Nf6 10. 0-0-0 h6 11. g3 0-0 12. Bg2 Qc7 13. Rhe1 Re8 14. Nh4 Qd7 15. Na4 Bd8 16. Qf3 b5 17. Bxf6 bxa4 18. Rxe8+ Qxe8 19. Bxd8 Qxd8 20. Qg4 Bc8 21. Qxa4 Nd7 22. Re1 Ne5 23. f4 Bd7 24. Qe4 Ng4 25. h3 Nf6 26. Qd3 Bb5 27. Qc3 Qd7 28. g4 Re8 29. Rxe8+ Qxe8 30. g5 Ne4 31. Qe3 Nxg5 32. Qxe8+ Bxe8 33. fxg5 hxg5 34. Nf5 f6 35. Nxd6 Bg6 36. Bf1 f5 37. Bd3 Kf8 38. Bxf5 Bh5 39. Bd3 Ke7 40. Nb7 Bf3 41. d6+ Kd7 42. Bxa6 Bg2 43. Nxc5+ Kxd6 44. b4 Bxh3 45. Ne4+ Ke5 46. Nxg5 Bf5 47. b5 Kf4 48. Nf7 Be6 49. Nd8 Bc4 50. a4 g5 51. Bb7 g4 52. Bc6 g3 53. b6 Bf1 54. b7 Ke3 55. b8Q g2 56. Qg3+ 1-0